<?xml version="1.0" encoding="UTF-8"?>
<record
    xmlns:xsi="http://www.w3.org/2001/XMLSchema-instance"
    xsi:schemaLocation="http://www.loc.gov/MARC21/slim http://www.loc.gov/standards/marcxml/schema/MARC21slim.xsd"
    xmlns="http://www.loc.gov/MARC21/slim">

  <leader>00847nam0a2200253   4500</leader>
  <controlfield tag="001">RU\NLR\BIBL_A\011697931</controlfield>
  <controlfield tag="005">20250626112830.0</controlfield>
  <datafield tag="035" ind1=" " ind2=" ">
    <subfield code="a">(NLR Aleph) 011697931</subfield>
  </datafield>
  <datafield tag="090" ind1=" " ind2=" ">
    <subfield code="a">13416849</subfield>
    <subfield code="c">13416849</subfield>
  </datafield>
  <datafield tag="100" ind1=" " ind2=" ">
    <subfield code="a">20180511d1979    |||y0rusy50      ca</subfield>
  </datafield>
  <datafield tag="101" ind1="0" ind2=" ">
    <subfield code="a">aze</subfield>
    <subfield code="c">rus</subfield>
  </datafield>
  <datafield tag="102" ind1=" " ind2=" ">
    <subfield code="a">AZ</subfield>
  </datafield>
  <datafield tag="105" ind1=" " ind2=" ">
    <subfield code="a">a   z   000 y</subfield>
  </datafield>
  <datafield tag="200" ind1="1" ind2=" ">
    <subfield code="a">J&#x430;&#x43D;&#x44B;&#x43D;&#x430; &#x49D;&#x4D9;&#x43B;&#x4D9;&#x4B9;&#x4D9;j&#x4D9;&#x43C;</subfield>
    <subfield code="e">[&#x448;&#x435;'&#x440;&#x43B;&#x4D9;&#x440;]</subfield>
    <subfield code="f">&#x49C;&#x4AF;&#x43B;&#x4D9;&#x43B;&#x438; &#x420;&#x4D9;&#x441;&#x443;&#x43B;</subfield>
  </datafield>
  <datafield tag="210" ind1=" " ind2=" ">
    <subfield code="a">&#x411;&#x430;&#x43A;&#x44B;</subfield>
    <subfield code="c">&#x49C;&#x4D9;&#x43D;&#x4B9;&#x43B;&#x438;&#x43A;</subfield>
    <subfield code="d">1979</subfield>
  </datafield>
  <datafield tag="215" ind1=" " ind2=" ">
    <subfield code="a">37, [1] c.</subfield>
    <subfield code="d">14</subfield>
  </datafield>
  <datafield tag="300" ind1=" " ind2=" ">
    <subfield code="a">&#x412; &#x432;&#x44B;&#x43F;. &#x434;&#x430;&#x43D;. &#x430;&#x432;&#x442;. (&#x413;&#x44E;&#x43B;&#x44C;&#x430;&#x43B;&#x438;&#x435;&#x432; &#x413;&#x44E;&#x43B;&#x44C;&#x430;&#x43B;&#x438; &#x413;&#x44E;&#x43B;&#x44C;&#x431;&#x430;&#x431;&#x430; &#x43E;&#x433;&#x43B;&#x44B;)</subfield>
  </datafield>
  <datafield tag="541" ind1="1" ind2=" ">
    <subfield code="a">&#x42F; &#x43F;&#x440;&#x438;&#x434;&#x443; &#x43A; &#x442;&#x435;&#x431;&#x435;</subfield>
    <subfield code="e">&#x441;&#x442;&#x438;&#x445;&#x438;</subfield>
    <subfield code="e">z01790</subfield>
  </datafield>
  <datafield tag="700" ind1=" " ind2="1">
    <subfield code="a">&#x49C;&#x4AF;&#x43B;&#x4D9;&#x43B;&#x438;</subfield>
    <subfield code="b">&#x420;.</subfield>
    <subfield code="g">&#x420;&#x4D9;&#x441;&#x443;&#x43B;</subfield>
    <subfield code="4">070</subfield>
  </datafield>
  <datafield tag="790" ind1=" " ind2="1">
    <subfield code="6">z01541</subfield>
    <subfield code="a">&#x413;&#x44E;&#x43B;&#x44C;&#x430;&#x43B;&#x438;</subfield>
    <subfield code="b">&#x420;.</subfield>
    <subfield code="g">&#x420;&#x430;&#x441;&#x443;&#x43B;</subfield>
    <subfield code="4">070</subfield>
  </datafield>
  <datafield tag="852" ind1=" " ind2=" ">
    <subfield code="a">NLR</subfield>
    <subfield code="b">&#x41E;&#x41D;&#x41B;</subfield>
    <subfield code="j">&#x410;&#x437;&#x435;&#x440;&#x431;./1-2340</subfield>
  </datafield>
  <datafield tag="942" ind1=" " ind2=" ">
    <subfield code="c">BOOK</subfield>
  </datafield>
  <datafield tag="980" ind1=" " ind2=" ">
    <subfield code="a">NB</subfield>
  </datafield>
  <datafield tag="995" ind1=" " ind2=" ">
    <subfield code="5">2018-05-11</subfield>
    <subfield code="b">NLR01</subfield>
    <subfield code="c">NLR01</subfield>
    <subfield code="e">ONL01</subfield>
    <subfield code="f">1-1439583</subfield>
    <subfield code="k">&#x41E;&#x41D;&#x41B; &#x410;&#x437;&#x435;&#x440;&#x431;./1-2340</subfield>
    <subfield code="o">0</subfield>
    <subfield code="r">BOOK</subfield>
    <subfield code="s">_12340</subfield>
  </datafield>
</record>
